000 00365 a2200169 4500
001 44529
020 _a8526263382
040 _cAnchieta - Aquarius
100 _aMurray, Roseana
240 1 0 _aO traço e a traça
_lpor
245 1 0 _aO traço e a traça
300 _a31
362 0 _a2006
440 1 _aScipione
650 4 _aLiteratura infantil
942 _cBK
999 _c44529
_d44529